Duke's children (Record no. 625)

MARC details
000 -LEADER
fixed length control field 00425nam a2200133 4500
082 ## - DEWEY DECIMAL CLASSIFICATION NUMBER
Classification number 823.8
Item number TROduk
100 ## - MAIN ENTRY--PERSONAL NAME
Personal name Trollope,Anthony
245 ## - TITLE STATEMENT
Title Duke's children
Statement of responsibility, etc. Anthony Trollope; With a preface by Chauncey.B.Tinker ;Illustrations by Charles Mozley
260 ## - PUBLICATION, DISTRIBUTION, ETC.
Place of publication, distribution, etc. London
Name of publisher, distributor, etc. Oxford University Press
Date of publication, distribution, etc. 1973
300 ## - PHYSICAL DESCRIPTION
Extent xiv, 643p.: ill.; 18cm
490 ## - SERIES STATEMENT
Series statement Palliser novels
710 ## - ADDED ENTRY--CORPORATE NAME
Corporate name or jurisdiction name as entry element Tinker,Chauncey.B
710 ## - ADDED ENTRY--CORPORATE NAME
Corporate name or jurisdiction name as entry element Mozley,Charles
Holdings
Withdrawn status Lost status Damaged status Not for loan Collection code Home library Current library Date acquired Total Checkouts Full call number Barcode Date last seen Price effective from Koha item type
        ENGLISH North Eastern Hill University North Eastern Hill University 18/11/2011   823.8 TROduk A3322 18/11/2011 18/11/2011 Books